01437nam a2200277 a 450000100100000000500170001000800410002704000250006808200150009310000490010824502240015725000110038126000450039230000270043749000380046450000660050250000740056850400300064259000260067270000390069883000450073795201280078295201130091095201190102399900170114200004710220201002053346.0180416s2013 dr a 000 0 spa d aDO-SdBNPbspacBNPHU axxxxbxxxx1 aCross Frías de Fiallo, Isabel Luisa97490710aCiencias de la naturaleza : manual de prácticas de laboratorio :bsegundo grado de educación básica /cIsabel Luisa Cross Frías de Fiallo ; ilustraciones Carlos José Peña, Isabel Luisa Cross Frias de Fiallo. a2a ed. aSanto Domingo :bAmigo del Hogar,c2013. a27 p. :bil. ;c28 cm.1 aCiclos de aprendizaje práctico. aIncluye datos biográficos de la autora en la contracubierta aEvaluados, revisados y aprobados. Dirección general de currículo. aBibliografía : p. 24-25 aInventariado, 2018/LP1 aPeña, Carlos José,eil.974908 0aCiclos de aprendizaje práctico.974909 001054708DSaGRbGRcHDd2018-04-16iLF1l0oxxxx xxxxp47102-30r2020-06-25te. 3w2020-06-25yLFDSZPréstamo en sala 0010718PDaPDbPDcHDd2018-04-16iLF1l0oxxxx xxxxp47102-10r2020-06-25w2020-06-25yLFPDZNo se presta 0010718PDaPDbPDcHDd2018-04-16iLF1l0oxxxx xxxxp47102-20r2020-06-25te. 2w2020-06-25yLFPDZNo se presta c46590d46590